| 000 | 00370pab a2200145 454500 | ||
|---|---|---|---|
| 008 | 180718b2005 xxu||||| |||| 00| 0 eng d | ||
| 100 | _aMuellbauer, John | ||
| 245 | _aProperty taxation and the economy after the Barker review | ||
| 260 | _c2005 | ||
| 300 | _ap.99-117. | ||
| 362 | _aMar | ||
| 650 | _aRight to property | ||
| 773 | _aEconomic Journal | ||
| 909 | _a66147 | ||
| 999 |
_c66147 _d66147 |
||